| 000 | 00439pam a2200157 a 4500 | ||
|---|---|---|---|
| 020 |
_a- _c |
||
| 041 | _h | ||
| 082 |
_a610.72 _bPHA |
||
| 100 | _aPHADKE, M . | ||
| 245 |
_aKNOWLEDGE UPDATE PROGRAMME - MUHS TRS VOL-26 / _cNULL. _hTextual Documents |
||
| 260 |
_aNULL : _bMHA.UNI. OF HEALTH UNIVERSITY , _c2007. |
||
| 300 |
_a32 : : _b- ; ; _cA4 . + _ePB. |
||
| 504 | _aMEDICAL EDUCATION | ||
| 653 | _aKNOWLEDGE(GENERAL) | ||
| 930 | _a3130 | ||
| 999 |
_c797664 _d797664 |
||